000 00234nam a22000857a 4500
008 160915b xxu||||| |||| 00| 0 eng d
100 _9489
_aGupta.R.G.etal.
245 _aComposide Mathematics-5
260 _aNew Delhi
_bAPC. Publications
_c2012
999 _c3146
_d3146